000
00327nam a22001337a 4500
008
170609b xxu||||| |||| 00| 0 eng d
020
_a
0316598690
041
_a
eng
080
_2
2ND
_a
32
100
_a
19
101
_a
SHP
245
_a
FOREIGN POLICY MAKING AND THE AMERICAN POLITICAL SYSTEM
_c
NATHAN, J.A
942
_2
udc
_c
BK
999
_c
16801
_d
16801